Renovación intencional : provocando un cambio certero en la empresa para mejorar sustancialmente los resultados /

Guardado en:
Autor Principal: Biasca, Rodolfo E.
Formato: Libro
Idioma:Spanish
Publicado: Buenos Aires : Macchi, 1997.
Materias:
Etiquetas: Agregar Etiqueta
Sin Etiquetas, Sea el primero en etiquetar este registro!
LEADER 00639nam a2200181a 45000
001 EAD.ead004591
008 080718s1997####ag############000#0#spa#d
005 20221019131041.0
245 1 0 |a Renovación intencional :  |b provocando un cambio certero en la empresa para mejorar sustancialmente los resultados /  |c Rodolfo E. Biasca. 
260 |a Buenos Aires :  |b Macchi,  |c 1997. 
300 |a 423 p. 
020 |a 9505373929 
100 1 |a Biasca, Rodolfo E. 
082 0 4 |a 658 
650 7 |a Cambio organizacional.  |2 unbist 
650 7 |a Competencia.  |2 unbist 
650 7 |a Calidad total.  |2 isoc 
859 |a AR-BaBDC  |b BIB. ADMINISTRACION - Libros  |h 658.406  |i B17-2  |p b03995